000 003040000a22000970004500
100 1 _aEstrada, Wilfredo
245 1 0 _aEn lugar de whiskey recibieron la Biblia : Así llegó la Biblia a Puerto Rico
300 _aVol. 54, Núm 240 (1999), Páginas 24-25
773 0 _tLa Biblia de las Américas
942 _cANA
999 _c51524
_d51524